Dichos, frases y refranes con historia. Segunda Serie

Saved in:
Bibliografiske detaljer
Hovedforfatter: Velis-Meza, Héctor E (Author)
Format: Bog
Sprog:spansk
Udgivet: Santiago Cerro Huelén 2008
Udgivelse:2a. ed
Fag:
Tags: Tilføj Tag
Ingen Tags, Vær først til at tagge denne postø!

MARC

LEADER 00000cam a2200000 a 4500
001 UCF9520
003 CL-VaPUC
008 131129e20080000cl |||||||||||||||||spa|d
020 |a 9567210322 
082 0 4 |a 410  |b VEL  |2 21 
100 0 |a Velis-Meza, Héctor E  |e author  |9 571888 
245 1 0 |a Dichos, frases y refranes con historia. Segunda Serie 
250 |a 2a. ed 
300 |a 171 p 
942 |c BK 
945 |d 20131129 12:34:00  |a cmena 
260 |a Santiago  |b Cerro Huelén  |c 2008 
650 0 |a Lingüística  |9 265068 
650 0 |a Chilenismos  |9 306533 
650 7 |a MODISMOS  |2 CL-VaPUC  |9 416810 
650 0 |a Lenguaje hablado  |9 339599 
650 0 |a Sociolingüística  |9 263716 
650 0 |a Idioma español  |9 309143 
583 |a last modification  |c 20131129 12:34:00  |k Rodrigo Vera 
999 |c 353963  |d 353961